000
00213 a2200097 4500
001
41619
100
_a
Martell P
245
_a
World Defence Who's Who
260
_a
_b
Macdonald & James
_c
090
_c
25756
_d
25756
942
_a
NUST-CAE
_c
M
_c
17509
999
_c
276692
_d
276692